书目信息 |
| 题名: |
美丽世界行
|
|
| 作者: | 畲田 主编 | |
| 分册: | 原野台地 | |
| 出版信息: | 长春 北方妇女儿童出版社 2013.05 |
|
| 页数: | 167页 | |
| 开本: | 24cm | |
| 丛书名: | ||
| 单 册: | ||
| 中图分类: | P941-49 , P941.75 , P941.76 | |
| 科图分类: | ||
| 主题词: | 自然地理--世界--少年读物 , 平原--世界--少年读物 , 丘陵--世界--少年读物 , 自然地理 , 平原 , 丘陵 | |
| 电子资源: | ||
| ISBN: | 978-7-5385-7472-2 | |
| 000 | 00914nam0 2200325 450 | |
| 001 | 0120141257782 | |
| 005 | 20140611153452.45 | |
| 010 | @a978-7-5385-7472-2@dCNY23.80 | |
| 100 | @a20140321d2013 cemy0chiy0110 ea | |
| 101 | 0 | @achi |
| 102 | @aCN@b220000 | |
| 105 | @aa z 000yy | |
| 106 | @ar | |
| 200 | 1 | @a美丽世界行@9mei li shi jie xing@i原野台地@f畲田主编 |
| 210 | @a长春@c北方妇女儿童出版社@d2013.05 | |
| 215 | @a167页@c图@d24cm | |
| 330 | @a本书收录世界高原、广袤平原、不平之地、生命禁区、原野和人五部分内容。 | |
| 333 | @a青少年 | |
| 606 | 0 | @a自然地理@y世界@j少年读物 |
| 606 | 0 | @a平原@y世界@j少年读物 |
| 606 | 0 | @a丘陵@y世界@j少年读物 |
| 606 | 0 | @a自然地理 |
| 606 | 0 | @a平原 |
| 606 | 0 | @a丘陵 |
| 690 | @aP941-49@v5 | |
| 690 | @aP941.75@v5 | |
| 690 | @aP941.76@v5 | |
| 701 | 0 | @a畲田@9she tian@4主编 |
| 801 | 0 | @aCN@b人天书店@c20140321 |
| 905 | @b548582-86@dP941-49@e148@f5 | |
| 美丽世界行.原野台地/畲田主编.-长春:北方妇女儿童出版社,2013.05 |
| 167页:图;24cm |
| 使用对象:青少年 |
| ISBN 978-7-5385-7472-2:CNY23.80 |
| 本书收录世界高原、广袤平原、不平之地、生命禁区、原野和人五部分内容。 |
| ● |
| 相关链接 |
|
|
|
|
正题名:美丽世界行
索取号:P941-49/148
 
预约/预借
| 序号 | 登录号 | 条形码 | 馆藏地/架位号 | 状态 | 备注 |
| 1 | 548582 | 205485820 | 第二样本阅览室/ [索取号:P941-49/148] | 在馆 | |
| 2 | 548583 | 205485839 | 第三借阅区/ [索取号:P941-49/148] | 在馆 | |
| 3 | 548584 | 205485848 | 第三借阅区/ [索取号:P941-49/148] | 在馆 | |
| 4 | 548585 | 205485857 | 资源管理系资料室/ [索取号:P941-49/148] | 在馆 | |
| 5 | 548586 | 205485866 | 第三借阅区/ [索取号:P941-49/148] | 在馆 |